000 00311nam a22001217a 4500
008 160420b xxu||||| |||| 00| 0 eng d
020 _a9780781724555
020 _a0781724554
041 _aeng
080 _a618.2
245 _aNursing in todays world;
_cJanice Rider Ellis; Celia Love Hortley;
942 _2udc
_cBK
999 _c1475
_d1475